=LDR 00000nam 2200000 4500 =001 NUTBA000000000002986 =005 20210421012836 =035 ##$$a 0010-071400000000174 =008 210421################g##########0#ind## =020 ##$$a 978-979-29-1407-8 =040 ##$$a NBPDMAT =082 ##$$a 338.1 =090 ##$$a 338.1 $b Bam d =100 ##$$a Bambang Prasetyo =245 1#$$a Dua puluh tiga peluang usaha top bidang agribisnis : $b Pendekatan sukses menjadi porpreneum unggulan /$c Bambang Prasetya =250 ##$$a cet.12 =260 ##$$a Yogyakarta :$b Andi,$c 2010 =300 ##$$a 238 hlm. : $b ilus. ; $c 19 x 19 cm. =700 #$$a Ekonomi pertanian =084 ##$$a 338.1 BAM d =650 #4$$a Agribisnis =990 ##$$a 21402912 =990 ##$$a 21402913 =990 ##$$a 21402914 =990 ##$$a 21402915 =990 ##$$a 21402916 =990 ##$$a 21416157 =990 ##$$a 21416158 =990 ##$$a 21416159 =990 ##$$a 21416160 =990 ##$$a 21416161 =990 ##$$a 21402916 =990 ##$$a 21402912 =990 ##$$a 21402913 =990 ##$$a 21402914 =990 ##$$a 21402915 =990 ##$$a 21416157 =990 ##$$a 21416158 =990 ##$$a 21416159 =990 ##$$a 21416160 =990 ##$$a 21416161